[Event "Khazar Cup 2016 (A) Master Tournament"]
[Site "Zibakenar,Iran"]
[Date "2016.02.17"]
[Round "8"]
[Board "2"]
[White "Maghsoodloo, Parham"]
[Black "Grigoryan, Karen H."]
[Result "0-1"]
[WhiteElo "2461"]
[BlackElo "2606"]
[PlyCount "0"]
[EventDate "2016.02.11"]
[EventRounds "9"]
[EventCountry "IRI"]

1. Nf3 {[%clk 1:29:25]} g6 {[%clk 1:30:17]} 2. c4 {[%clk 1:28:27]} Bg7
{[%clk 1:30:33]} 3. d4 {[%clk 1:28:39]} Nf6 {[%clk 1:30:54]} 4. Nc3
{[%clk 1:29:01]} d5 {[%clk 1:30:23]} 5. cxd5 {[%clk 1:24:44]} Nxd5
{[%clk 1:30:44]} 6. e4 {[%clk 1:25:09]} Nxc3 {[%clk 1:31:09]} 7. bxc3
{[%clk 1:25:36]} c5 {[%clk 1:31:04]} 8. Be3 {[%clk 1:25:21]} Qa5 {[%clk 1:30:46]}
9. Qd2 {[%clk 1:25:31]} O-O {[%clk 1:29:46]} 10. Rc1 {[%clk 1:25:56]} cxd4
{[%clk 1:28:23]} 11. cxd4 {[%clk 1:26:14]} Qxd2+ {[%clk 1:28:49]} 12. Bxd2
{[%clk 1:25:54]} Bg4 {[%clk 1:24:57]} 13. d5 {[%clk 1:24:52]} Nd7
{[%clk 1:23:45]} 14. Ng5 {[%clk 1:17:15]} Nb6 {[%clk 1:13:55]} 15. h3
{[%clk 1:13:06]} Bd7 {[%clk 1:14:04]} 16. Bd3 {[%clk 1:08:34]} h6
{[%clk 1:01:21]} 17. Nf3 {[%clk 1:08:58]} e6 {[%clk 1:01:47]} 18. d6
{[%clk 1:03:33]} Bc6 {[%clk 1:01:20]} 19. Bf4 {[%clk 1:03:02]} g5
{[%clk 0:58:00]} 20. Bh2 {[%clk 1:01:50]} f5 {[%clk 0:57:17]} 21. Ne5
{[%clk 0:31:35]} fxe4 {[%clk 0:51:43]} 22. Nxc6 {[%clk 0:31:17]} exd3
{[%clk 0:51:54]} 23. Ne7+ {[%clk 0:31:40]} Kh7 {[%clk 0:51:14]} 24. Rc7
{[%clk 0:32:08]} Rad8 {[%clk 0:43:10]} 25. g4 {[%clk 0:16:03]} Rd7
{[%clk 0:38:01]} 26. Rxd7 {[%clk 0:12:53]} Bc3+ {[%clk 0:34:54]} 27. Kf1
{[%clk 0:13:16]} Nxd7 {[%clk 0:35:18]} 28. Kg2 {[%clk 0:13:36]} d2
{[%clk 0:34:41]} 0-1

[Event "Khazar Cup 2016 (A) Master Tournament"]
[Site "Zibakenar,Iran"]
[Date "2016.02.17"]
[Round "8"]
[Board "3"]
[White "Ghaem Maghami, Ehsan"]
[Black "Mosadeghpour, Masoud"]
[Result "0-1"]
[WhiteElo "2570"]
[BlackElo "2462"]
[PlyCount "0"]
[EventDate "2016.02.11"]
[EventRounds "9"]
[EventCountry "IRI"]

1. Nf3 {[%clk 1:30:55]} Nf6 {[%clk 1:29:29]} 2. c4 {[%clk 1:29:53]} g6
{[%clk 1:29:48]} 3. Nc3 {[%clk 1:29:08]} d5 {[%clk 1:30:07]} 4. cxd5
{[%clk 1:29:09]} Nxd5 {[%clk 1:30:29]} 5. h4 {[%clk 1:27:09]} Bg7
{[%clk 1:30:16]} 6. h5 {[%clk 1:27:16]} Nc6 {[%clk 1:30:37]} 7. h6
{[%clk 1:21:06]} Bf6 {[%clk 1:30:53]} 8. Ne4 {[%clk 1:21:17]} Bf5
{[%clk 1:31:04]} 9. Nxf6+ {[%clk 1:20:26]} exf6 {[%clk 1:31:32]} 10. d3
{[%clk 1:20:00]} Qe7 {[%clk 1:30:45]} 11. e4 {[%clk 1:14:34]} Bg4
{[%clk 1:21:56]} 12. Be2 {[%clk 1:14:17]} Nb6 {[%clk 1:20:52]} 13. O-O
{[%clk 1:08:19]} O-O-O {[%clk 1:17:08]} 14. Be3 {[%clk 0:59:38]} f5
{[%clk 1:13:04]} 15. Nd2 {[%clk 0:53:57]} Bxe2 {[%clk 1:04:45]} 16. Qxe2
{[%clk 0:54:26]} Qd7 {[%clk 1:05:00]} 17. Rfd1 {[%clk 0:53:11]} Qxd3
{[%clk 0:51:59]} 18. Qxd3 {[%clk 0:53:26]} Rxd3 {[%clk 0:52:27]} 19. exf5
{[%clk 0:53:37]} Rhd8 {[%clk 0:49:53]} 20. fxg6 {[%clk 0:46:50]} fxg6
{[%clk 0:48:53]} 21. Rac1 {[%clk 0:42:55]} Na4 {[%clk 0:45:46]} 22. Rb1
{[%clk 0:43:11]} Nb4 {[%clk 0:43:23]} 23. Kf1 {[%clk 0:41:07]} R3d5
{[%clk 0:30:58]} 24. g3 {[%clk 0:30:17]} Nd3 {[%clk 0:19:45]} 25. Nc4
{[%clk 0:29:45]} b5 {[%clk 0:17:58]} 26. Na5 {[%clk 0:30:01]} c5 {[%clk 0:12:53]}
27. Nc6 {[%clk 0:21:18]} R8d7 {[%clk 0:12:39]} 28. Ke2 {[%clk 0:21:42]} c4
{[%clk 0:11:53]} 29. Nxa7+ {[%clk 0:12:03]} Kb7 {[%clk 0:11:25]} 30. Kf1
{[%clk 0:09:19]} Nb6 {[%clk 0:09:04]} 31. a4 {[%clk 0:07:12]} bxa4
{[%clk 0:09:15]} 32. Ra1 {[%clk 0:07:30]} Ra5 {[%clk 0:09:02]} 0-1

[Event "Khazar Cup 2016 (A) Master Tournament"]
[Site "Zibakenar,Iran"]
[Date "2016.02.17"]
[Round "8"]
[Board "4"]
[White "Gabuzyan, Hovhannes"]
[Black "Starostits, Ilmars"]
[Result "1/2-1/2"]
[WhiteElo "2593"]
[BlackElo "2437"]
[PlyCount "0"]
[EventDate "2016.02.11"]
[EventRounds "9"]
[EventCountry "IRI"]

1. Nf3 {[%clk 1:30:57]} d5 {[%clk 1:30:44]} 2. g3 {[%clk 1:31:22]} g6
{[%clk 1:30:52]} 3. Bg2 {[%clk 1:31:43]} Bg7 {[%clk 1:31:18]} 4. d4
{[%clk 1:32:09]} Nf6 {[%clk 1:31:30]} 5. c4 {[%clk 1:32:32]} c6 {[%clk 1:31:13]}
6. O-O {[%clk 1:31:22]} O-O {[%clk 1:28:46]} 7. Qb3 {[%clk 1:31:50]} Qb6
{[%clk 1:25:28]} 8. Nc3 {[%clk 1:32:15]} Rd8 {[%clk 1:21:41]} 9. Rd1
{[%clk 1:32:38]} Bf5 {[%clk 1:20:20]} 10. Ne1 {[%clk 1:33:02]} dxc4
{[%clk 1:20:30]} 11. Qxc4 {[%clk 1:33:27]} Na6 {[%clk 1:20:54]} 12. e4
{[%clk 1:33:42]} Be6 {[%clk 1:20:33]} 13. Qa4 {[%clk 1:29:16]} Bg4
{[%clk 1:20:22]} 14. Bf3 {[%clk 1:29:38]} Nc7 {[%clk 1:19:11]} 15. e5
{[%clk 1:28:35]} Bxf3 {[%clk 1:17:50]} 16. Nxf3 {[%clk 1:29:00]} Nfd5
{[%clk 1:18:12]} 17. Ne4 {[%clk 1:28:41]} Ne6 {[%clk 1:17:13]} 18. Bd2
{[%clk 1:18:48]} Qxb2 {[%clk 1:14:24]} 19. Rab1 {[%clk 1:19:09]} Nb6
{[%clk 1:14:14]} 20. Rxb2 {[%clk 1:07:34]} Nxa4 {[%clk 1:14:13]} 21. Rxb7
{[%clk 1:06:29]} Nxd4 {[%clk 1:13:40]} 22. Nxd4 {[%clk 1:06:12]} Rxd4
{[%clk 1:14:05]} 23. Re1 {[%clk 1:06:40]} Rxe4 {[%clk 1:05:11]} 24. Rxe4
{[%clk 1:07:05]} Nc5 {[%clk 1:05:33]} 25. Rbb4 {[%clk 1:06:56]} Nxe4
{[%clk 1:03:16]} 26. Rxe4 {[%clk 1:07:24]} Rb8 {[%clk 1:03:06]} 27. Be3
{[%clk 1:07:21]} a6 {[%clk 1:03:22]} 28. e6 {[%clk 1:06:42]} fxe6
{[%clk 1:03:13]} 29. Ra4 {[%clk 1:05:41]} Ra8 {[%clk 1:01:41]} 30. Rc4
{[%clk 1:06:06]} Rc8 {[%clk 1:02:05]} 31. Ra4 {[%clk 1:06:32]} Ra8
{[%clk 1:00:51]} 32. Rc4 {[%clk 1:06:57]} Rc8 {[%clk 1:01:18]} 1/2-1/2

[Event "Khazar Cup 2016 (A) Master Tournament"]
[Site "Zibakenar,Iran"]
[Date "2016.02.17"]
[Round "8"]
[Board "5"]
[White "Khodashenas, Mersad"]
[Black "Malaniuk, Vladimir P"]
[Result "1/2-1/2"]
[WhiteElo "2393"]
[BlackElo "2482"]
[PlyCount "0"]
[EventDate "2016.02.11"]
[EventRounds "9"]
[EventCountry "IRI"]

1. e4 {[%clk 1:30:57]} e5 {[%clk 1:30:36]} 2. Nf3 {[%clk 1:31:19]} Nc6
{[%clk 1:30:49]} 3. Bb5 {[%clk 1:31:39]} a6 {[%clk 1:31:01]} 4. Ba4
{[%clk 1:32:06]} Nf6 {[%clk 1:30:43]} 5. O-O {[%clk 1:32:32]} Be7
{[%clk 1:30:07]} 6. Re1 {[%clk 1:33:00]} d6 {[%clk 1:29:40]} 7. c3
{[%clk 1:32:54]} Bg4 {[%clk 1:27:51]} 8. h3 {[%clk 1:32:44]} Bh5 {[%clk 1:27:11]}
9. d3 {[%clk 1:29:55]} O-O {[%clk 1:23:46]} 10. Nbd2 {[%clk 1:30:04]} Nd7
{[%clk 1:23:39]} 11. Nf1 {[%clk 1:30:02]} Nc5 {[%clk 1:23:43]} 12. Bxc6
{[%clk 1:20:20]} bxc6 {[%clk 1:23:20]} 13. Ng3 {[%clk 1:19:37]} Bxf3
{[%clk 1:20:31]} 14. Qxf3 {[%clk 1:19:39]} Ne6 {[%clk 1:20:18]} 15. Be3
{[%clk 1:18:10]} c5 {[%clk 1:17:47]} 16. Rad1 {[%clk 1:15:39]} Rb8
{[%clk 1:12:49]} 17. Re2 {[%clk 1:12:50]} Bg5 {[%clk 1:04:46]} 18. Red2
{[%clk 1:07:54]} g6 {[%clk 0:58:10]} 19. Bxg5 {[%clk 0:59:31]} Qxg5
{[%clk 0:56:31]} 20. Qg4 {[%clk 0:58:37]} Qd8 {[%clk 0:42:22]} 1/2-1/2

[Event "Khazar Cup 2016 (A) Master Tournament"]
[Site "Zibakenar,Iran"]
[Date "2016.02.17"]
[Round "8"]
[Board "6"]
[White "Idani, Pouya"]
[Black "Gholami Orimi, Mahdi"]
[Result "1-0"]
[WhiteElo "2568"]
[BlackElo "2226"]
[PlyCount "0"]
[EventDate "2016.02.11"]
[EventRounds "9"]
[EventCountry "IRI"]

1. a3 {[%clk 1:30:39]} Nf6 {[%clk 1:29:00]} 2. Nf3 {[%clk 1:31:04]} d5
{[%clk 1:28:36]} 3. e3 {[%clk 1:31:25]} e6 {[%clk 1:22:10]} 4. c4
{[%clk 1:31:44]} Bd6 {[%clk 1:21:26]} 5. b4 {[%clk 1:31:21]} c6 {[%clk 1:21:21]}
6. Bb2 {[%clk 1:31:26]} Nbd7 {[%clk 1:20:24]} 7. d4 {[%clk 1:31:32]} Bc7
{[%clk 1:12:41]} 8. Nbd2 {[%clk 1:30:41]} O-O {[%clk 1:10:33]} 9. Bd3
{[%clk 1:30:46]} Qe7 {[%clk 1:09:35]} 10. Qc2 {[%clk 1:29:36]} h6
{[%clk 1:05:06]} 11. cxd5 {[%clk 1:27:18]} exd5 {[%clk 0:57:53]} 12. b5
{[%clk 1:27:23]} Nb8 {[%clk 0:51:09]} 13. a4 {[%clk 1:26:26]} Bd6
{[%clk 0:48:13]} 14. O-O {[%clk 1:26:19]} Be6 {[%clk 0:46:55]} 15. Ne5
{[%clk 1:25:38]} Rc8 {[%clk 0:46:46]} 16. Rac1 {[%clk 1:22:49]} c5
{[%clk 0:39:39]} 17. dxc5 {[%clk 1:22:44]} Rxc5 {[%clk 0:39:59]} 18. Qb1
{[%clk 1:22:34]} Nbd7 {[%clk 0:39:37]} 19. Nxd7 {[%clk 1:22:39]} Nxd7
{[%clk 0:39:35]} 20. Nb3 {[%clk 1:15:37]} Rxc1 {[%clk 0:38:38]} 21. Rxc1
{[%clk 1:16:01]} Ne5 {[%clk 0:37:35]} 22. Bh7+ {[%clk 1:15:19]} Kh8
{[%clk 0:32:59]} 23. Bxe5 {[%clk 1:15:43]} Bxe5 {[%clk 0:33:23]} 24. Bf5
{[%clk 1:16:09]} Rd8 {[%clk 0:28:49]} 25. g3 {[%clk 1:10:32]} Bxf5
{[%clk 0:15:07]} 26. Qxf5 {[%clk 1:10:48]} g6 {[%clk 0:15:30]} 27. Qd3
{[%clk 1:10:35]} Kg7 {[%clk 0:13:10]} 28. Rc5 {[%clk 1:08:25]} Qd6
{[%clk 0:12:05]} 29. a5 {[%clk 1:08:22]} Bf6 {[%clk 0:11:08]} 30. Kg2
{[%clk 1:08:06]} Rd7 {[%clk 0:09:01]} 31. Rc8 {[%clk 1:03:11]} Qa3 32. h4
{[%clk 1:00:43]} h5 {[%clk 0:05:07]} 33. Nc5 {[%clk 0:58:26]} Qxd3
{[%clk 0:05:28]} 34. Nxd3 {[%clk 0:58:53]} d4 {[%clk 0:04:56]} 35. e4
{[%clk 0:58:19]} Bd8 {[%clk 0:04:43]} 36. a6 {[%clk 0:58:16]} bxa6
{[%clk 0:04:49]} 37. bxa6 {[%clk 0:58:38]} Ba5 {[%clk 0:04:08]} 38. Rc6
{[%clk 0:56:39]} Rc7 {[%clk 0:03:20]} 39. Rd6 {[%clk 0:50:20]} Bb6
{[%clk 0:02:52]} 40. Ne5 {[%clk 0:50:37]} Kf8 {[%clk 0:00:40]} 41. Nc6
{[%clk 0:49:35]} Kg7 {[%clk 0:00:48]} 42. Ne5 {[%clk 0:45:52]} Kf8
{[%clk 0:01:14]} 43. Rd7 {[%clk 0:41:32]} Ke8 {[%clk 0:00:44]} 44. Rd6
{[%clk 0:41:48]} Ke7 {[%clk 0:00:37]} 45. Rxb6 {[%clk 0:42:14]} axb6
{[%clk 0:00:57]} 46. a7 {[%clk 0:42:41]} Rxa7 {[%clk 0:01:01]} 47. Nc6+
{[%clk 0:43:07]} Kd6 {[%clk 0:01:13]} 48. Nxa7 {[%clk 0:43:33]} Kc5
{[%clk 0:01:24]} 49. Kf3 {[%clk 0:42:47]} b5 {[%clk 0:01:02]} 50. Ke2
{[%clk 0:43:03]} b4 {[%clk 0:01:04]} 51. Kd3 {[%clk 0:42:53]} b3 {[%clk 0:01:32]}
52. Nc8 {[%clk 0:41:42]} b2 {[%clk 0:01:04]} 53. Kc2 {[%clk 0:41:37]} d3+
{[%clk 0:00:49]} 54. Kxb2 {[%clk 0:42:02]} Kd4 {[%clk 0:01:18]} 55. Nd6
{[%clk 0:42:25]} Ke5 {[%clk 0:01:43]} 56. Nxf7+ {[%clk 0:42:51]} Kxe4
{[%clk 0:02:01]} 57. Ng5+ {[%clk 0:43:17]} Kd4 {[%clk 0:02:16]} 58. Kc1
{[%clk 0:43:42]} 1-0

[Event "Khazar Cup 2016 (A) Master Tournament"]
[Site "Zibakenar,Iran"]
[Date "2016.02.17"]
[Round "8"]
[Board "7"]
[White "Valizadeh, Ali"]
[Black "Mirzoev, Azer"]
[Result "0-1"]
[WhiteElo "2199"]
[BlackElo "2539"]
[PlyCount "0"]
[EventDate "2016.02.11"]
[EventRounds "9"]
[EventCountry "IRI"]

1. d4 {[%clk 1:24:00]} d5 {[%clk 1:30:53]} 2. c4 {[%clk 1:24:25]} c6
{[%clk 1:31:07]} 3. Nc3 {[%clk 1:24:52]} e6 {[%clk 1:31:31]} 4. e3
{[%clk 1:25:12]} f5 {[%clk 1:31:40]} 5. Nf3 {[%clk 1:25:32]} Nf6 {[%clk 1:32:05]}
6. Qc2 {[%clk 1:25:55]} Bd6 {[%clk 1:32:26]} 7. Bd3 {[%clk 1:26:19]} O-O
{[%clk 1:31:31]} 8. cxd5 {[%clk 1:24:19]} cxd5 {[%clk 1:31:51]} 9. Nb5
{[%clk 1:24:31]} Bb4+ {[%clk 1:27:46]} 10. Bd2 {[%clk 1:24:46]} Bxd2+
{[%clk 1:27:34]} 11. Qxd2 {[%clk 1:23:55]} Ne4 {[%clk 1:26:59]} 12. Qc2
{[%clk 1:19:19]} Nc6 {[%clk 1:24:41]} 13. O-O {[%clk 1:14:31]} Bd7
{[%clk 1:24:46]} 14. Rfc1 {[%clk 1:07:28]} Qe7 {[%clk 1:24:44]} 15. Nc3
{[%clk 0:53:40]} Rfc8 {[%clk 1:24:08]} 16. Qe2 {[%clk 0:51:06]} Be8
{[%clk 1:23:10]} 17. Ne1 {[%clk 0:48:15]} a6 {[%clk 1:22:35]} 18. f3
{[%clk 0:47:30]} Nd6 {[%clk 1:22:59]} 19. Qf2 {[%clk 0:47:12]} Rc7
{[%clk 1:22:52]} 20. e4 {[%clk 0:45:46]} Bf7 {[%clk 1:14:23]} 21. b3
{[%clk 0:45:54]} dxe4 {[%clk 0:56:43]} 22. fxe4 {[%clk 0:46:22]} Rd8
{[%clk 0:56:57]} 23. d5 {[%clk 0:45:17]} fxe4 {[%clk 0:54:11]} 24. dxc6
{[%clk 0:45:24]} exd3 {[%clk 0:54:29]} 25. cxb7 {[%clk 0:43:38]} Nxb7
{[%clk 0:54:18]} 26. Ne4 {[%clk 0:43:49]} Bg6 {[%clk 0:54:01]} 27. Nd2
{[%clk 0:43:05]} Rdc8 {[%clk 0:52:27]} 28. Rxc7 {[%clk 0:42:50]} Rxc7
{[%clk 0:52:52]} 29. Nef3 {[%clk 0:43:01]} e5 {[%clk 0:49:04]} 30. Re1
{[%clk 0:42:31]} e4 {[%clk 0:49:09]} 31. Qd4 {[%clk 0:34:03]} Nd6
{[%clk 0:37:34]} 32. Ne5 {[%clk 0:29:40]} Rc2 {[%clk 0:32:39]} 33. Qd5+
{[%clk 0:19:36]} Kh8 {[%clk 0:32:28]} 34. Nxe4 {[%clk 0:08:55]} Bxe4
{[%clk 0:27:17]} 35. Rxe4 {[%clk 0:09:12]} Rc1+ {[%clk 0:22:48]} 36. Kf2
{[%clk 0:09:25]} Nxe4+ {[%clk 0:23:11]} 37. Qxe4 {[%clk 0:09:39]} Qf8+
{[%clk 0:22:58]} 38. Kg3 {[%clk 0:09:45]} d2 {[%clk 0:22:17]} 0-1

[Event "Khazar Cup 2016 (A) Master Tournament"]
[Site "Zibakenar,Iran"]
[Date "2016.02.17"]
[Round "8"]
[Board "8"]
[White "Pourramezanali, Amirreza"]
[Black "Ghorbani, Hadi"]
[Result "1/2-1/2"]
[WhiteElo "2503"]
[BlackElo "2160"]
[PlyCount "0"]
[EventDate "2016.02.11"]
[EventRounds "9"]
[EventCountry "IRI"]

1. Nf3 {[%clk 1:30:58]} d5 {[%clk 1:29:26]} 2. c4 {[%clk 1:31:21]} c6
{[%clk 1:29:44]} 3. e3 {[%clk 1:31:44]} Nf6 {[%clk 1:28:25]} 4. Nc3
{[%clk 1:32:07]} e6 {[%clk 1:27:51]} 5. Qc2 {[%clk 1:32:30]} Nbd7
{[%clk 1:27:04]} 6. b3 {[%clk 1:32:54]} Bd6 {[%clk 1:25:49]} 7. Bb2
{[%clk 1:33:19]} Qe7 {[%clk 1:25:20]} 8. Be2 {[%clk 1:33:31]} Ba3
{[%clk 1:25:27]} 9. Bxa3 {[%clk 1:30:37]} Qxa3 {[%clk 1:25:32]} 10. O-O
{[%clk 1:31:00]} O-O {[%clk 1:23:37]} 11. d4 {[%clk 1:30:08]} Qe7
{[%clk 1:22:55]} 12. Rad1 {[%clk 1:05:39]} b6 {[%clk 1:09:37]} 13. e4
{[%clk 0:58:46]} dxe4 {[%clk 1:09:10]} 14. Nxe4 Bb7 {[%clk 1:09:10]} 15. Nxf6+
{[%clk 0:58:20]} Nxf6 {[%clk 1:04:32]} 16. c5 {[%clk 0:57:26]} Rfd8
{[%clk 1:01:21]} 17. Ne5 {[%clk 0:56:05]} bxc5 {[%clk 1:01:26]} 18. dxc5
{[%clk 0:56:07]} Rd5 {[%clk 1:01:26]} 19. Rxd5 {[%clk 0:56:12]} exd5
{[%clk 1:00:50]} 20. Nf3 {[%clk 0:56:32]} a5 {[%clk 1:01:02]} 21. Nd4
{[%clk 0:52:01]} Ne4 {[%clk 0:59:01]} 22. Rc1 {[%clk 0:36:14]} Qf6
{[%clk 0:59:01]} 23. Nf3 {[%clk 0:36:42]} Ba6 {[%clk 0:59:15]} 24. Bxa6
{[%clk 0:37:07]} Rxa6 {[%clk 0:59:37]} 25. Qd3 {[%clk 0:37:25]} Qb2
{[%clk 0:55:59]} 26. Qc2 {[%clk 0:37:54]} Qf6 {[%clk 0:51:01]} 27. Qd1
{[%clk 0:34:53]} Ra8 {[%clk 0:46:37]} 28. Qd4 {[%clk 0:35:13]} Qh6
{[%clk 0:43:10]} 29. Rc2 {[%clk 0:35:22]} Re8 {[%clk 0:42:03]} 30. Qe3
{[%clk 0:30:29]} Qg6 {[%clk 0:36:17]} 31. h3 {[%clk 0:29:22]} h6 {[%clk 0:34:32]}
32. Qe1 {[%clk 0:23:42]} Nf6 {[%clk 0:32:48]} 33. Qd2 {[%clk 0:22:01]} Nh5
{[%clk 0:31:35]} 34. Nd4 {[%clk 0:19:28]} Re4 {[%clk 0:31:36]} 35. Ne2
{[%clk 0:19:48]} Rxe2 {[%clk 0:31:24]} 36. Qxe2 {[%clk 0:19:53]} Nf4
{[%clk 0:31:49]} 37. Qg4 {[%clk 0:18:51]} Qxc2 {[%clk 0:32:13]} 38. Qxf4
{[%clk 0:19:18]} Qxc5 {[%clk 0:32:33]} 39. Qe5 {[%clk 0:19:21]} Qc1+
{[%clk 0:23:48]} 40. Kh2 {[%clk 0:19:39]} g5 {[%clk 0:24:03]} 41. g3
{[%clk 0:18:40]} Qc2 {[%clk 0:24:07]} 42. Qe8+ {[%clk 0:18:40]} Kg7
{[%clk 0:24:18]} 43. Qe5+ {[%clk 0:18:54]} Kg6 {[%clk 0:24:05]} 44. Qd6+
{[%clk 0:18:56]} f6 {[%clk 0:24:25]} 45. Kg1 {[%clk 0:18:51]} Qb1+
{[%clk 0:23:56]} 46. Kg2 {[%clk 0:19:08]} Qe4+ {[%clk 0:24:20]} 47. Kg1
{[%clk 0:18:55]} d4 {[%clk 0:23:59]} 48. Qd8 {[%clk 0:18:40]} d3 {[%clk 0:22:28]}
49. g4 {[%clk 0:17:46]} Kf7 {[%clk 0:13:35]} 50. Qd7+ {[%clk 0:18:08]} Kf8
{[%clk 0:13:24]} 51. Qd8+ {[%clk 0:18:30]} Kf7 {[%clk 0:13:47]} 1/2-1/2

[Event "Khazar Cup 2016 (A) Master Tournament"]
[Site "Zibakenar,Iran"]
[Date "2016.02.17"]
[Round "8"]
[Board "9"]
[White "Stopa, Jacek"]
[Black "Tahbaz, Arash"]
[Result "1/2-1/2"]
[WhiteElo "2460"]
[BlackElo "2282"]
[PlyCount "0"]
[EventDate "2016.02.11"]
[EventRounds "9"]
[EventCountry "IRI"]

1. d4 {[%clk 1:30:42]} Nf6 {[%clk 1:30:53]} 2. c4 {[%clk 1:31:02]} e6
{[%clk 1:31:18]} 3. Nf3 {[%clk 1:31:24]} d5 {[%clk 1:31:43]} 4. g3
{[%clk 1:31:12]} Be7 {[%clk 1:32:07]} 5. Bg2 {[%clk 1:31:37]} O-O
{[%clk 1:32:33]} 6. O-O {[%clk 1:31:35]} dxc4 {[%clk 1:33:00]} 7. Ne5
{[%clk 1:31:33]} Nc6 {[%clk 1:33:19]} 8. Bxc6 {[%clk 1:31:47]} bxc6
{[%clk 1:33:47]} 9. Nxc6 {[%clk 1:32:09]} Qe8 {[%clk 1:34:13]} 10. Nxe7+
{[%clk 1:32:34]} Qxe7 {[%clk 1:34:40]} 11. Qc2 {[%clk 1:32:58]} a5
{[%clk 1:32:34]} 12. Qxc4 {[%clk 1:24:16]} Ba6 {[%clk 1:33:03]} 13. Qc2
{[%clk 1:24:18]} Qb4 {[%clk 1:32:47]} 14. b3 {[%clk 1:04:28]} Qxd4
{[%clk 1:30:09]} 15. Bb2 {[%clk 1:04:56]} Qe4 {[%clk 1:27:56]} 16. Qxe4
{[%clk 1:05:19]} Nxe4 17. f3 Nd6 {[%clk 1:25:45]} 18. Nc3 {[%clk 1:04:06]} Rfb8
{[%clk 1:12:46]} 19. Kf2 {[%clk 0:58:27]} Bb5 {[%clk 1:01:11]} 20. Rfc1
{[%clk 0:46:06]} a4 {[%clk 0:59:29]} 21. Nxb5 {[%clk 0:46:09]} Nxb5
{[%clk 0:59:18]} 22. bxa4 {[%clk 0:46:15]} Rxa4 {[%clk 0:59:12]} 23. Be5
{[%clk 0:46:34]} Rb7 {[%clk 0:40:19]} 24. Rc5 {[%clk 0:33:31]} f6
{[%clk 0:37:03]} 25. Bc3 {[%clk 0:28:42]} Nxc3 {[%clk 0:32:48]} 26. Rxc3
{[%clk 0:28:55]} Rba7 {[%clk 0:33:12]} 1/2-1/2

[Event "Khazar Cup 2016 (A) Master Tournament"]
[Site "Zibakenar,Iran"]
[Date "2016.02.17"]
[Round "8"]
[Board "10"]
[White "Gholami, Aryan"]
[Black "Rostami, Rouzbeh"]
[Result "1-0"]
[WhiteElo "2417"]
[BlackElo "2144"]
[PlyCount "0"]
[EventDate "2016.02.11"]
[EventRounds "9"]
[EventCountry "IRI"]

1. Nf3 Nf6 2. c4 c5 3. g3 Nc6 4. Bg2 e5 5. Nc3 d6 6. O-O Be7 7. d3 O-O 8. a3 h6
9. Rb1 a5 10. Ne1 Be6 11. e4 Qc8 12. f4 Bg4 13. Qd2 Ne8 14. Nd5 Bd8 15. f5 f6 16.
Bf3 Bxf3 17. Nxf3 Ne7 18. Nc3 Nc7 19. a4 Kf7 20. Qe2 Ke8 21. Be3 Qd7 22. Nh4 Rf7
23. Qh5 Na6 24. Rf2 Nb4 25. Rd1 Bb6 26. g4 Ng8 27. Nb5 Bc7 28. Ng6 Kd8 29. h4 Kc8
30. g5 hxg5 31. hxg5 b6 32. Kf1 Kb7 33. Ke2 Nc2 34. Bd2 Nd4+ 35. Nxd4 cxd4 36. b3
Bd8 37. gxf6 Nxf6 38. Qf3 Qc6 39. Rg2 Nd7 40. Qh5 Bf6 41. Nf4 Rff8 42. Nd5 Rh8
43. Qg6 Raf8 44. Rdg1 Nc5 45. Rb1 Rh3 46. Rg3 Rfh8 47. b4 Nxe4 48. Rxh3 Rxh3 49.
Qg2 Nxd2 50. Kxd2 Rh5 51. b5 Bg5+ 52. Qxg5 Rh2+ 53. Kd1 Qc5 54. Qxg7+ Kb8 55.
Qf8+ Kb7 56. Qe7+ Kb8 57. Qe8+ Kb7 58. Qc6+ 1-0

[Event "Khazar Cup 2016 (A) Master Tournament"]
[Site "Zibakenar,Iran"]
[Date "2016.02.17"]
[Round "8"]
[Board "11"]
[White "Asgari, Morteza"]
[Black "Morchiashvili, Bachana"]
[Result "0-1"]
[WhiteElo "2189"]
[BlackElo "2342"]
[PlyCount "0"]
[EventDate "2016.02.11"]
[EventRounds "9"]
[EventCountry "IRI"]

1. e4 {[%clk 1:30:55]} c5 {[%clk 1:30:54]} 2. Nf3 {[%clk 1:31:11]} e6
{[%clk 1:31:09]} 3. d4 {[%clk 1:31:30]} cxd4 {[%clk 1:31:35]} 4. Nxd4
{[%clk 1:31:53]} a6 {[%clk 1:31:59]} 5. Nc3 {[%clk 1:32:06]} Qc7 {[%clk 1:32:15]}
6. Bd3 {[%clk 1:32:04]} Nc6 {[%clk 1:31:20]} 7. Nxc6 {[%clk 1:32:08]} dxc6
{[%clk 1:31:00]} 8. f4 {[%clk 1:31:56]} e5 {[%clk 1:29:41]} 9. Qf3
{[%clk 1:30:27]} Nf6 {[%clk 1:17:46]} 10. f5 {[%clk 1:28:45]} b5 {[%clk 1:16:24]}
11. O-O {[%clk 1:19:03]} Bb7 {[%clk 1:12:32]} 12. a4 {[%clk 1:19:00]} b4
{[%clk 1:11:31]} 13. Nd1 {[%clk 1:19:16]} Be7 {[%clk 1:05:14]} 14. Ne3
{[%clk 1:15:52]} Nd7 {[%clk 0:57:31]} 15. a5 {[%clk 1:11:59]} Bg5
{[%clk 0:55:59]} 16. Qg3 {[%clk 1:06:04]} h6 {[%clk 0:51:37]} 17. Nc4
{[%clk 1:04:39]} O-O-O {[%clk 0:51:39]} 18. Bxg5 {[%clk 1:01:03]} hxg5
{[%clk 0:51:32]} 19. Qxg5 {[%clk 1:01:30]} Nf6 {[%clk 0:51:29]} 20. b3
{[%clk 0:57:04]} Qe7 {[%clk 0:43:32]} 21. Rae1 {[%clk 0:51:14]} Kb8
{[%clk 0:38:36]} 22. h3 {[%clk 0:46:36]} c5 {[%clk 0:38:51]} 23. Rf2
{[%clk 0:43:06]} Ka7 {[%clk 0:38:19]} 24. Rfe2 {[%clk 0:38:05]} Bc6
{[%clk 0:38:29]} 25. Qg3 {[%clk 0:34:00]} Rhe8 {[%clk 0:34:37]} 26. Qf3
{[%clk 0:32:00]} Rh8 {[%clk 0:34:31]} 27. Nb6 {[%clk 0:32:02]} Rd4
{[%clk 0:28:45]} 28. Re3 {[%clk 0:28:46]} Bb7 {[%clk 0:23:35]} 29. Qe2
{[%clk 0:24:57]} Nh5 {[%clk 0:22:28]} 30. g3 {[%clk 0:24:28]} Nf6
{[%clk 0:22:48]} 31. h4 {[%clk 0:23:34]} Nh5 {[%clk 0:20:08]} 32. Qg4
{[%clk 0:20:18]} Nf6 {[%clk 0:17:56]} 33. Qf3 {[%clk 0:20:06]} Rg8
{[%clk 0:15:46]} 34. g4 {[%clk 0:17:12]} Rh8 {[%clk 0:15:08]} 35. Qg3
{[%clk 0:16:29]} Ne8 {[%clk 0:10:39]} 36. g5 {[%clk 0:16:16]} Nd6
{[%clk 0:10:03]} 37. Qg4 {[%clk 0:13:42]} f6 {[%clk 0:09:20]} 38. R1e2
{[%clk 0:12:41]} Qd8 {[%clk 0:08:55]} 39. Rg3 {[%clk 0:12:15]} Nb5
{[%clk 0:06:20]} 40. h5 {[%clk 0:12:05]} Nc3 {[%clk 0:05:55]} 41. Ree3
{[%clk 0:11:57]} fxg5 {[%clk 0:06:13]} 42. Qxg5 {[%clk 0:10:45]} Qe8
{[%clk 0:06:35]} 43. Qg6 {[%clk 0:10:48]} Qd8 {[%clk 0:06:22]} 44. Qxg7
{[%clk 0:10:38]} Rxh5 {[%clk 0:05:04]} 45. f6 {[%clk 0:07:37]} Nxe4
{[%clk 0:04:56]} 46. Bxe4 {[%clk 0:04:49]} Rxe4 {[%clk 0:05:23]} 47. Rxe4
{[%clk 0:04:19]} Qd1+ {[%clk 0:05:49]} 48. Kf2 {[%clk 0:03:21]} Qxc2+
{[%clk 0:06:04]} 49. Re2 {[%clk 0:00:52]} Rf5+ {[%clk 0:06:02]} 50. Kg1
{[%clk 0:00:53]} Qd1+ {[%clk 0:06:17]} 0-1

[Event "Khazar Cup 2016 (A) Master Tournament"]
[Site "Zibakenar,Iran"]
[Date "2016.02.17"]
[Round "8"]
[Board "12"]
[White "Tiviakov, Sergei"]
[Black "Godarz, Kasra"]
[Result "1-0"]
[WhiteElo "2613"]
[BlackElo "2123"]
[PlyCount "0"]
[EventDate "2016.02.11"]
[EventRounds "9"]
[EventCountry "IRI"]

1. c4 Nf6 2. Nc3 d5 3. cxd5 Nxd5 4. g3 g6 5. Bg2 Nxc3 6. bxc3 c5 7. Rb1 Bg7 8.
Rxb7 Bxb7 9. Bxb7 Nd7 10. Bxa8 Qxa8 11. Nf3 O-O 12. O-O Qd5 13. Qa4 Nf6 14. c4
Qe6 15. Re1 Qb6 16. d3 Rb8 17. Bf4 Rb7 18. Nd2 Qb4 19. Qc6 Nd7 20. Rb1 Bb2 21.
Ne4 Qb6 22. Qc8+ Kg7 23. Bc1 Rc7 24. Qd8 1-0